Advanced Accounts, vol. 1/ (Record no. 3504)
[ view plain ]
| 000 -LEADER | |
|---|---|
| fixed length control field | 00655nam a2200229Ia 4500 |
| 008 - FIXED-LENGTH DATA ELEMENTS--GENERAL INFORMATION | |
| fixed length control field | 251128r20252016xx |||||||||||||| ||und|| |
| 020 ## - INTERNATIONAL STANDARD BOOK NUMBER | |
| International Standard Book Number | 9789355010766 |
| Terms of availability | Rs. 750.00 |
| 040 ## - CATALOGING SOURCE | |
| Original cataloging agency | IMU Kochi Library |
| Language of cataloging | eng |
| 041 0# - LANGUAGE CODE | |
| Language code of text/sound track or separate title | eng |
| 082 04 - DEWEY DECIMAL CLASSIFICATION NUMBER | |
| Classification number | 657.046 |
| Item number | Sh922 |
| Edition number | 23 |
| 100 1# - MAIN ENTRY--PERSONAL NAME | |
| Personal name | Shukla, M. C. |
| 245 10 - TITLE STATEMENT | |
| Title | Advanced Accounts, vol. 1/ |
| 250 ## - EDITION STATEMENT | |
| Edition statement | 19th ed. |
| 260 ## - PUBLICATION, DISTRIBUTION, ETC. (IMPRINT) | |
| Place of publication, distribution, etc | New Delhi : |
| Name of publisher, distributor, etc | S. Chand , |
| Date of publication, distribution, etc | 2016, reprinted 2025 |
| 300 ## - PHYSICAL DESCRIPTION | |
| Extent | various pagination |
| Other physical details | : |
| Dimensions | ; 24 cm. |
| 650 #0 - SUBJECT ADDED ENTRY--TOPICAL TERM | |
| Topical term or geographic name as entry element | Accounts |
| Form subdivision | Textbooks |
| 700 1# - ADDED ENTRY--PERSONAL NAME | |
| Personal name | Grewal, T. S. |
| Relator term | Joint Author |
| 700 1# - ADDED ENTRY--PERSONAL NAME | |
| Personal name | Gupta, S. C. |
| Relator term | Joint Author |
| 852 ## - LOCATION/CALL NUMBER | |
| Location | IMU Kochi Library |
| 904 ## - LOCAL DATA ELEMENT D, LDD (RLIN) | |
| CATALOGER | Akhil Bose |
| 942 ## - ADDED ENTRY ELEMENTS (KOHA) | |
| Item type | Books |
| Withdrawn status | Lost status | Source of classification or shelving scheme | Damaged status | Not for loan | Collection code | Permanent location | Current location | Shelving location | Date acquired | Source of acquisition | Cost, normal purchase price | Full call number | Barcode | Date last seen | Koha item type |
|---|---|---|---|---|---|---|---|---|---|---|---|---|---|---|---|
| Management Studies | IMU Kochi Library | IMU Kochi Library | General Stacks | 2025-11-28 | M/s Rajasthani Granthagar (Inv. no. RG/2526/371 dated 17.10.2025) | 750.00 | 657.046 Sh922 | BK007596 | 2025-12-02 | Books | |||||
| Management Studies | IMU Kochi Library | IMU Kochi Library | General Stacks | 2025-11-28 | M/s Rajasthani Granthagar (Inv. no. RG/2526/371 dated 17.10.2025) | 750.00 | 657.046 Sh922 | BK007597 | 2025-12-02 | Books | |||||
| Management Studies | IMU Kochi Library | IMU Kochi Library | General Stacks | 2025-11-28 | M/s Rajasthani Granthagar (Inv. no. RG/2526/371 dated 17.10.2025) | 750.00 | 657.046 Sh922 | BK007598 | 2025-12-02 | Books | |||||
| Management Studies | IMU Kochi Library | IMU Kochi Library | General Stacks | 2025-11-28 | M/s Rajasthani Granthagar (Inv. no. RG/2526/371 dated 17.10.2025) | 750.00 | 657.046 Sh922 | BK007599 | 2025-12-02 | Books | |||||
| Management Studies | IMU Kochi Library | IMU Kochi Library | General Stacks | 2025-11-28 | M/s Rajasthani Granthagar (Inv. no. RG/2526/371 dated 17.10.2025) | 750.00 | 657.046 Sh922 | BK007600 | 2025-12-02 | Books | |||||
| Management Studies | IMU Kochi Library | IMU Kochi Library | General Stacks | 2025-11-28 | M/s Rajasthani Granthagar (Inv. no. RG/2526/371 dated 17.10.2025) | 750.00 | 657.046 Sh922 | BK007601 | 2025-12-02 | Books | |||||
| Management Studies | IMU Kochi Library | IMU Kochi Library | General Stacks | 2025-11-28 | M/s Rajasthani Granthagar (Inv. no. RG/2526/371 dated 17.10.2025) | 750.00 | 657.046 Sh922 | BK007602 | 2025-12-02 | Books | |||||
| Management Studies | IMU Kochi Library | IMU Kochi Library | General Stacks | 2025-11-28 | M/s Rajasthani Granthagar (Inv. no. RG/2526/371 dated 17.10.2025) | 750.00 | 657.046 Sh922 | BK007603 | 2025-12-02 | Books | |||||
| Management Studies | IMU Kochi Library | IMU Kochi Library | General Stacks | 2025-11-28 | M/s Rajasthani Granthagar (Inv. no. RG/2526/371 dated 17.10.2025) | 750.00 | 657.046 Sh922 | BK007604 | 2025-12-02 | Books | |||||
| Management Studies | IMU Kochi Library | IMU Kochi Library | General Stacks | 2025-11-28 | M/s Rajasthani Granthagar (Inv. no. RG/2526/371 dated 17.10.2025) | 750.00 | 657.046 Sh922 | BK007605 | 2025-12-02 | Books | |||||
| Management Studies | IMU Kochi Library | IMU Kochi Library | General Stacks | 2025-11-28 | M/s Rajasthani Granthagar (Inv. no. RG/2526/371 dated 17.10.2025) | 750.00 | 657.046 Sh922 | BK007606 | 2025-12-02 | Books | |||||
| Management Studies | IMU Kochi Library | IMU Kochi Library | General Stacks | 2025-11-28 | M/s Rajasthani Granthagar (Inv. no. RG/2526/371 dated 17.10.2025) | 750.00 | 657.046 Sh922 | BK007607 | 2025-12-02 | Books |